Prospects for metropolitan water management /

Bibliographic Details
Main Author: McPherson, M. B. (Murray Burns)
Corporate Author: American Society of Civil Engineers. Urban Water Resources Research Council
Format: Book
Language:English
Published: New York : American Society of Civil Engineers, 1970.
Subjects:

MARC

Tag First Indicator Second Indicator Subfields
LEADER 00000cam a2200000 a 4500
001 in00000092363
005 20150923132119.0
008 730301s1970 nyua b 00010 engm
010 |a  73151335  
035 |a (OCoLC)00659346 
035 |9 AAK7447AM 
040 |a DLC  |c DLC  |d m.c.  |d TXA  |d UtOrBLW 
043 |a n-us--- 
049 |a TXAM  |c [1561870] 
050 0 0 |a HD4461  |b  M32 
082 0 |a 352/.94/2320973 
100 1 |a McPherson, M. B.  |q (Murray Burns) 
245 1 0 |a Prospects for metropolitan water management /  |c by M.B. McPherson. 
264 1 |a New York :  |b American Society of Civil Engineers,  |c 1970. 
300 |a 1 volume (various pagings) :  |b illustrations ;  |c 28 cm. 
336 |a text  |b txt  |2 rdacontent 
337 |a unmediated  |b n  |2 rdamedia 
338 |a volume  |b nc  |2 rdacarrier 
500 |a "A study of ASCE Urban Water Resources [Research] Council." 
504 |a Includes bibliographical references. 
650 0 |a Water-supply  |z United States. 
650 0 |a Metropolitan areas  |z United States. 
650 0 |a Metropolitan government  |z United States. 
710 2 |a American Society of Civil Engineers.  |b Urban Water Resources Research Council. 
999 |a MARS 
999 f f |s 4857e7c3-6a73-371d-9988-d6451b201fc3  |i 51248854-608b-341a-8ff5-3beec41ca599  |t 0 
952 f f |p ric  |a Texas A&M University  |b Rellis Campus  |c Joint Library Facility  |d Remote Storage  |t 0  |e HD4461 M32  |h Library of Congress classification  |i unmediated -- volume  |m A14806007528 
998 f f |a HD4461 M32  |t 0  |l Remote Storage